00253nam a2200109Ia 4500008004100000082001600041100002000057245002400077250000800101260002600109300000800135150301s2008 xx 000 0 und d a641.01bSRI aSRIVASTAVA, V.K aHOTEL ACCOMENDATION a1ST bAMAN PUB. DELHIc2008 a298